Poverty and ethnicity : (Record no. 18609)

MARC details
000 -LEADER
fixed length control field 01261cam a22003374a 4500
001 - CONTROL NUMBER
control field 12948060
003 - CONTROL NUMBER IDENTIFIER
control field OSt
005 - DATE AND TIME OF LATEST TRANSACTION
control field 20211117092919.0
008 - FIXED-LENGTH DATA ELEMENTS--GENERAL INFORMATION
fixed length control field 020927s2002 dcua b 000 0 eng
010 ## - LIBRARY OF CONGRESS CONTROL NUMBER
LC control number 2002034328
020 ## - INTERNATIONAL STANDARD BOOK NUMBER
International Standard Book Number 082135339X
040 ## - CATALOGING SOURCE
Original cataloging agency DLC
Transcribing agency hu
Modifying agency DLC
042 ## - AUTHENTICATION CODE
Authentication code pcc
043 ## - GEOGRAPHIC AREA CODE
Geographic area code ec-----
050 00 - LIBRARY OF CONGRESS CALL NUMBER
Classification number HC244.Z9
Item number P62 2002
082 00 - DEWEY DECIMAL CLASSIFICATION NUMBER
Classification number 362.84/91497043
Edition number 21
100 1# - MAIN ENTRY--PERSONAL NAME
Personal name Revenga, Ana,
Dates associated with a name 1963-
9 (RLIN) 18796
245 10 - TITLE STATEMENT
Title Poverty and ethnicity :
Remainder of title a cross-country study of Roma poverty in Central Europe /
Statement of responsibility, etc. Ana Revenga, Dena Ringold, William Martín Tracy.
260 ## - PUBLICATION, DISTRIBUTION, ETC.
Place of publication, distribution, etc. Washington :
Name of publisher, distributor, etc. World Bank,
Date of publication, distribution, etc. c2002.
300 ## - PHYSICAL DESCRIPTION
Extent ix, 44 p. :
Other physical details ill. ;
Dimensions 28 cm.
440 #0 - SERIES STATEMENT/ADDED ENTRY--TITLE
Title World Bank technical paper ;
Volume/sequential designation no. 531
9 (RLIN) 7138
504 ## - BIBLIOGRAPHY, ETC. NOTE
Bibliography, etc. note Includes bibliographical references.
650 #0 - SUBJECT ADDED ENTRY--TOPICAL TERM
Topical term or geographic name entry element Poverty
Geographic subdivision Europe, Central.
9 (RLIN) 18797
650 #0 - SUBJECT ADDED ENTRY--TOPICAL TERM
Topical term or geographic name entry element Romanies
Geographic subdivision Europe, Central
General subdivision Economic conditions.
9 (RLIN) 18798
651 #0 - SUBJECT ADDED ENTRY--GEOGRAPHIC NAME
Geographic name Europe, Central
General subdivision Economic conditions.
9 (RLIN) 18799
700 1# - ADDED ENTRY--PERSONAL NAME
Personal name Ringold, Dena,
Dates associated with a name 1970-
9 (RLIN) 18800
700 1# - ADDED ENTRY--PERSONAL NAME
Personal name Tracy, William Martín,
Dates associated with a name 1975-
9 (RLIN) 18801
906 ## - LOCAL DATA ELEMENT F, LDF (RLIN)
a 7
b cbc
c orignew
d 1
e ocip
f 20
g y-gencatlg
942 ## - ADDED ENTRY ELEMENTS (KOHA)
Source of classification or shelving scheme Dewey Decimal Classification
Koha item type Books like text book referance book
Suppress in OPAC No
Holdings
Withdrawn status Lost status Source of classification or shelving scheme Damaged status Not for loan Home library Current library Shelving location Date acquired Total Checkouts Full call number Barcode Date last seen Copy number Price effective from Koha item type
    Dewey Decimal Classification     Social Library Social Library General Stacks 11/17/2021   362.5/REU SHLIB 00002967 11/17/2021 1 11/17/2021 Books like text book referance book